=LDR 00000nam 2200000 4500 =001 INLIS000000000040604 =005 20200212110358 =035 ##$$a 0010-061300000040604 =008 200212################g##########0#ind## =041 ##$$a ind =082 ##$$a 158.2 =090 ##$$a 158.2 Pad d =100 ##$$a Padmawati, Lily S =245 1#$$a Dua belas kebohongan yang dikatakan istri kepada suami /$c Alih bahasa, Lily S Padmawati; Editor, Daru Susilowati =260 ##$$a Jakarta :$b Gospel Press,$c [s.a] =300 ##$$a 304 hlm. ; $c 18 x 13 cm =650 #4$$a PSIKOLOGI TERAPAN - BOHONG =850 ##$$a NBPNMAT =020 ##$$a 978-602-200-261-1 =084 ##$$a 158.2 Pad d =700 #$$a Daru Susilowati =990 ##$$a 21111174 =990 ##$$a 21111176 =990 ##$$a 21111175